• 首页
  • 本馆介绍
  • 公告通知
  • 最新文献
  • 馆藏检索
  • 电子资源
  • 读者导购
  • 参考咨询
  • 我的图书馆
  • 登录
  • 详细信息显示
  • 放入我的书架
  • 预约/预借图书
  • 作者相关作品
  • 分类相关作品
  • 丛书相关作品
  • 出版社相关作品

书目信息

  • 表格格式
  • 工作单格式
  • 卡片格式
题名:
中药制药工艺与设备
    
 
作者: 张素萍 主编
分册:  
出版信息: 北京   化学工业出版社  2005.10
页数: 282页
开本: 26cm
丛书名:
单 册:
中图分类: TQ461
科图分类:
主题词: 中成药--zhong cheng yao--制药工业--化学工程--高等学校:技术学校--教材 , 中草药加工设备--zhong cao yao jia gong she bei--高等学校:技术学院--教材 , 中草药--药剂制法
电子资源:
ISBN: 7-5025-7266-X
000 01018nam2 2200253 450
001 0100000207
005 20060623092732.70
010    @a7-5025-7266-X@dCNY29.00
100    @a20060531d2005 em y0chiy50 ea
101 0  @achi
102    @aCN@b110000
105    @aak z 000yy
200 1  @a中药制药工艺与设备@Azhong yao zhi yao gong yi yu she bei@f张素萍主编@Fzhang su ping zhu bian
210    @a北京@c化学工业出版社@d2005.10
215    @a282页@c图,表@d26cm
300    @a教育部高职高专规划教材
330    @a本书以传统的中医药理论为基础,将传统中药生产工艺与现代生产技术相结合,介绍了中药饮片生产工艺、中药制药生产单元过程、中药制剂的工业化生产、中药厂总体规划和规范生产等十一章内容。
606 0  @a中成药@Azhong cheng yao@x制药工业@x化学工程@x高等学校:技术学校@j教材
606 0  @a中草药加工设备@Azhong cao yao jia gong she bei@x高等学校:技术学院@j教材
606 0  @a中草药@x药剂制法
690    @aTQ461@v4
701  0 @a张素萍@Azhang su ping@4主编
801    @aCN@bYXSD@c20060623
905    @aBZT@dTQ461@e1@f10
    
    中药制药工艺与设备/张素萍主编.-北京:化学工业出版社,2005.10
    282页:图,表;26cm
    教育部高职高专规划教材
    
    ISBN 7-5025-7266-X:CNY29.00
    本书以传统的中医药理论为基础,将传统中药生产工艺与现代生产技术相结合,介绍了中药饮片生产工艺、中药制药生产单元过程、中药制剂的工业化生产、中药厂总体规划和规范生产等十一章内容。
●
相关链接 在五车中查询图书 在当当中查询图书 在豆瓣中查询图书


正题名:中药制药工艺与设备     索取号:TQ461/1         预约/预借

序号 登录号 条形码 馆藏地/架位号 状态 备注
1 0449343   230006764   样本书库/样004架A面2层2列/ [索取号:TQ461/1] 在馆    
2 0449344   230006763   中心书库中库/ 中库026架A面9列1层25/ [索取号:TQ461/1] 在馆    
3 0449345   230006766   中心书库中库/ 中库026架A面9列1层20/ [索取号:TQ461/1] 在馆    
4 0449346   230006765   中心书库中库/ 中库026架A面9列1层19/ [索取号:TQ461/1] 在馆    
5 0449347   230006768   中心书库中库/ 中库026架A面9列1层22/ [索取号:TQ461/1] 在馆    
6 0449348   230006770   中心书库中库/ 中库026架A面9列1层23/ [索取号:TQ461/1] 在馆    
7 0449349   230006769   中心书库中库/ 中库026架A面9列1层24/ [索取号:TQ461/1] 在馆    
8 0449350   230006767   中心书库中库/ 中库026架A面9列1层21/ [索取号:TQ461/1] 在馆    
9 0449351   230006772   中心书库中库/ 中库026架A面9列1层18/ [索取号:TQ461/1] 在馆    
10 0449352   230006771   中心书库中库/ 中库026架A面9列1层26/ [索取号:TQ461/1] 在馆    
山东省滨州职业学院图书馆 欢迎您!
大连网信软件有限公司© 版权所有